LEADER 00653nab a2200145 i 4500 001 000000310249 003 CaOOAMICUS 005 20180831173010.0 008 180831n xx uu u0 0und r 013 $a19341 040 $aSeMil$bita 100 1 $aX,.$0(OLS)http://semarc/name/88184 245 10$aPoche osservazioni intorno al libro del ch. P. Dummermuth, O. P. che ha per titolo: «S. Thomas et doctrina praemotionis phisicae». 773 0 $t[Luglio-Dicembre].$g366-382,463-472$w()273978 996 $6245$aPoche osservazioni intorno al libro del ch. P. Dummermuth, O. P. che ha per titolo: «S. Thomas et doctrina praemotionis phisicae»$9(OLS)http://semarc/title/385105 LEADER 00805nam a2200205 i 4500 001 000000017294 003 CaOOAMICUS 005 20180830125443.0 008 180830s1981 it u000 u ita u 040 $aSeMil$bita 245 10$aTrittico di spiritualitą cristiana. 260 $aMilano :$bPaoline,$c1981-1986. 300 $a3 v. ;$c25 cm. 500 $aTitolo ricavato dalla custodia che racchiude i tre volumi. 650 4$aCristianesimo - Spiritualitą.$0(OLS)http://semarc/subject/2807 774 0 $tInni a Cristo.$z88-215-0193-0$w()159102 774 0 $tLodi alla Madonna.$b3. ed.$w()159103 774 0 $tImitazione di Cristo.$z88-215-0748-3$w()159104 996 $6245$aTrittico di spiritualitą cristiana$9(OLS)http://semarc/title/22866 996 $6260$aMilano :$bPaoline$9(OLS)http://semarc/publisher/29684